[Event "Groningen 2009 - Open A"]
[Site "Groningen NED"]
[Date "2009.12.21"]
[Round "1.25"]
[White "Slagter, David"]
[Black "Bok, Benjamin"]
[Result "0-1"]
[WhiteElo "2108"]
[BlackElo "2337"]
[PlyCount "82"]
[EventDate "2009.12.21"]
[EventType "swiss"]
[EventRounds "9"]
[EventCountry "NED"]
[Source "lmi"]
[SourceDate "2009.12.21"]

1. e4 e5 2. Nf3 Nc6 3. Bb5 a6 4. Bxc6 dxc6 5. O-O Qf6 6. d4 exd4 7. Bg5 Qd6 8.
Qxd4 Qxd4 9. Nxd4 Bd7 10. Nc3 f6 11. Bf4 O-O-O 12. Rad1 Ne7 13. Rfe1 Ng6 14.
Bg3 Bb4 15. Nb3 b6 16. a3 Bxc3 17. bxc3 c5 18. f3 f5 19. exf5 Bxf5 20. Rxd8+
Rxd8 21. Re2 Rd1+ 22. Kf2 a5 23. a4 Rb1 24. Re8+ Kb7 25. Rg8 Rb2 26. Rxg7 Rxc2+
27. Ke1 Rxc3 28. Rxc7+ Ka6 29. Nd2 Ra3 30. h4 h5 31. Nc4 Rxa4 32. Nd6 Be6 33.
Rh7 Nf4 34. Bxf4 Rxf4 35. Ne8 Rf7 36. Rxf7 Bxf7 37. Nd6 Bg8 38. g4 a4 39. Kd2
a3 40. Kc2 c4 41. Kb1 c3 0-1

[Event "Groningen 2009 - Open A"]
[Site "Groningen NED"]
[Date "2009.12.21"]
[Round "1.26"]
[White "Hoeksema, Erik"]
[Black "Bijlsma, Nick"]
[Result "1/2-1/2"]
[WhiteElo "2331"]
[BlackElo "2075"]
[PlyCount "105"]
[EventDate "2009.12.21"]
[EventType "swiss"]
[EventRounds "9"]
[EventCountry "NED"]
[Source "lmi"]
[SourceDate "2009.12.21"]

1. Nf3 c5 2. c4 Nf6 3. g3 b6 4. Bg2 Bb7 5. O-O e6 6. Nc3 Be7 7. Re1 O-O 8. e4
d6 9. d4 cxd4 10. Nxd4 Qc8 11. b3 a6 12. Bb2 Nbd7 13. f4 Rd8 14. Rc1 Qb8 15. g4
Ne8 16. g5 Qa7 17. Kh1 Rac8 18. Qd2 Bf8 19. f5 e5 20. Nc2 b5 21. Ne3 Nb6 22.
cxb5 axb5 23. a3 Nc7 24. Ned5 Ncxd5 25. Nxd5 Bxd5 26. exd5 Nd7 27. Rc6 Nc5 28.
Qe3 Qd7 29. Rf1 Qe8 30. b4 Na4 31. Ba1 f6 32. gxf6 gxf6 33. Rfc1 Kh8 34. Bf1
Rxc6 35. dxc6 Qf7 36. Qf3 Nb6 37. Bxb5 Bh6 38. Rc2 Qd5 39. Qxd5 Nxd5 40. Bf1
Be3 41. Bb2 Rc8 42. Bc1 Bb6 43. Bh6 Ne7 44. b5 Nxf5 45. Bc1 Nd4 46. Rg2 d5 47.
Bb2 Ne6 48. Bd3 Nf4 49. Bf5 Rc7 50. Rg3 Ne2 51. Rg2 Nf4 52. Rg3 Ne2 53. Rg2
1/2-1/2

[Event "Groningen 2009 - Open A"]
[Site "Groningen NED"]
[Date "2009.12.21"]
[Round "1.27"]
[White "Sparenberg, Erik"]
[Black "Assendelft van, Floris"]
[Result "0-1"]
[WhiteElo "2072"]
[BlackElo "2325"]
[PlyCount "50"]
[EventDate "2009.12.21"]
[EventType "swiss"]
[EventRounds "9"]
[EventCountry "NED"]
[Source "lmi"]
[SourceDate "2009.12.21"]

1. g3 e5 2. Bg2 d5 3. c4 d4 4. d3 Bb4+ 5. Nd2 a5 6. Ngf3 Nc6 7. O-O Nf6 8. a3
Be7 9. Ne1 O-O 10. Rb1 a4 11. b4 axb3 12. Qxb3 Nd7 13. e4 Nc5 14. Qd1 Na4 15.
Qb3 Nc3 16. Ra1 Be6 17. Bb2 b5 18. Bxc3 dxc3 19. Qxc3 Rxa3 20. Rxa3 b4 21. Qa1
bxa3 22. Nb1 Qd7 23. Qa2 Ra8 24. Qa1 Qd4 25. Qxd4 Nxd4 0-1

[Event "Groningen 2009 - Open A"]
[Site "Groningen NED"]
[Date "2009.12.21"]
[Round "1.28"]
[White "Schiffer, Kai Uwe"]
[Black "Vergert ten, Paul"]
[Result "1/2-1/2"]
[WhiteElo "2318"]
[BlackElo "2071"]
[PlyCount "101"]
[EventDate "2009.12.21"]
[EventType "swiss"]
[EventRounds "9"]
[EventCountry "NED"]
[Source "lmi"]
[SourceDate "2009.12.21"]

1. Nf3 c5 2. c4 Nf6 3. Nc3 g6 4. e4 d6 5. d4 cxd4 6. Nxd4 Nc6 7. Be2 Nxd4 8.
Qxd4 Bg7 9. Bg5 O-O 10. Qd2 Re8 11. Rc1 Be6 12. f3 Rc8 13. b3 Qa5 14. h4 Nh5
15. Nd5 Qxd2+ 16. Kxd2 Kf8 17. Bd3 Ng3 18. Rhe1 b6 19. Rc2 h6 20. Be3 Red8 21.
Rec1 f5 22. Nf4 Bf7 23. Bf2 fxe4 24. fxe4 Nh5 25. Nxh5 gxh5 26. Be3 Bg6 27. b4
Kg8 28. a4 Kh7 29. a5 bxa5 30. b5 Bf6 31. Ra2 Rc7 32. Rxa5 Rdd7 33. g3 Be5 34.
Bf2 e6 35. Rc2 Rf7 36. Be3 Bxg3 37. Ra6 Rcd7 38. Rca2 Bf2 39. Bxf2 Rxf2+ 40.
Kc3 Rxa2 41. Rxa2 e5 42. Ra6 Kg7 43. Bc2 Kf7 44. Ba4 Bxe4 45. b6 Rd8 46. Rxa7+
Kf6 47. Kb4 Bf3 48. c5 dxc5+ 49. Kxc5 Rd5+ 50. Kc4 Rd4+ 51. Kc5 1/2-1/2

[Event "Groningen 2009 - Open A"]
[Site "Groningen NED"]
[Date "2009.12.21"]
[Round "1.29"]
[White "Rauw, Gert Jan"]
[Black "Paulet, Iozefina"]
[Result "0-1"]
[WhiteElo "2070"]
[BlackElo "2312"]
[PlyCount "88"]
[EventDate "2009.12.21"]
[EventType "swiss"]
[EventRounds "9"]
[EventCountry "NED"]
[Source "lmi"]
[SourceDate "2009.12.21"]

1. e4 c5 2. Nf3 d6 3. d4 cxd4 4. Nxd4 Nf6 5. Nc3 a6 6. Be2 e5 7. Nb3 Be7 8. O-O
O-O 9. a4 Be6 10. Be3 Nbd7 11. Kh1 Rc8 12. a5 Rxc3 13. bxc3 Nxe4 14. Bd3 d5 15.
Bxe4 dxe4 16. Ra4 f5 17. c4 f4 18. Bb6 Qe8 19. Qa1 f3 20. Rg1 Rf4 21. gxf3 Rh4
22. Rg3 exf3 23. Nd2 Bf6 24. Nxf3 e4 25. Bd4 exf3 26. Bxf6 Nxf6 27. Qxf6 Rg4
28. Rxg4 Bxg4 29. Qa1 Bh3 30. Qd1 Bg2+ 31. Kg1 Qxa4 32. Qd5+ Kf8 33. Qc5+ Kf7
34. Qf5+ Ke7 35. Qe5+ Kd7 36. Qf5+ Kc7 37. Qe5+ Kc8 38. Qf5+ Qd7 39. Qf8+ Qd8
40. Qf5+ Kb8 41. h3 g6 42. Qe5+ Ka8 43. Qe6 Qxa5 44. Qg8+ Ka7 0-1

[Event "Groningen 2009 - Open A"]
[Site "Groningen NED"]
[Date "2009.12.21"]
[Round "1.30"]
[White "Aginian, Nelly"]
[Black "Warmelink, Evie"]
[Result "1-0"]
[WhiteElo "2304"]
[BlackElo "1970"]
[PlyCount "37"]
[EventDate "2009.12.21"]
[EventType "swiss"]
[EventRounds "9"]
[EventCountry "NED"]
[Source "lmi"]
[SourceDate "2009.12.21"]

1. e4 c5 2. Nf3 d6 3. d4 cxd4 4. Nxd4 Nf6 5. Nc3 e6 6. Be3 Nc6 7. f3 Be7 8. Qd2
O-O 9. g4 Nd7 10. O-O-O a6 11. h4 Nde5 12. Qg2 b5 13. Nxc6 Nxc6 14. g5 b4 15.
Na4 Bd7 16. Nb6 Rb8 17. Nc4 Qc7 18. Qd2 d5 19. exd5 1-0

[Event "Groningen 2009 - Open A"]
[Site "Groningen NED"]
[Date "2009.12.22"]
[Round "2.1"]
[White "Wiel van der, John"]
[Black "Baklan, Vladimir"]
[Result "1/2-1/2"]
[WhiteElo "2475"]
[BlackElo "2655"]
[PlyCount "47"]
[EventDate "2009.12.21"]
[EventType "swiss"]
[EventRounds "9"]
[EventCountry "NED"]
[Source "lmi"]
[SourceDate "2009.12.21"]

1. e4 c5 2. Nf3 d6 3. d4 cxd4 4. Nxd4 Nf6 5. Nc3 a6 6. Bg5 e6 7. f4 Nc6 8. Nxc6
bxc6 9. e5 h6 10. Bh4 g5 11. fxg5 Nd5 12. Ne4 Qb6 13. Bd3 hxg5 14. Bxg5 Qxb2
15. Nf6+ Nxf6 16. Bxf6 Qc3+ 17. Kf1 Rh6 18. Rb1 dxe5 19. Bg5 Rh8 20. Rb3 Qc5
21. Bf6 Rh6 22. Bg5 Rh8 23. Bf6 Rh6 24. Bg5 1/2-1/2

[Event "Groningen 2009 - Open A"]
[Site "Groningen NED"]
[Date "2009.12.22"]
[Round "2.2"]
[White "Burg, Twan"]
[Black "Giri, Anish"]
[Result "1-0"]
[WhiteElo "2460"]
[BlackElo "2585"]
[PlyCount "121"]
[EventDate "2009.12.21"]
[EventType "swiss"]
[EventRounds "9"]
[EventCountry "NED"]
[Source "lmi"]
[SourceDate "2009.12.21"]

1. e4 c5 2. Nf3 e6 3. c3 Nf6 4. e5 Nd5 5. d4 cxd4 6. cxd4 d6 7. Bc4 Nc6 8. O-O
Be7 9. Qe2 O-O 10. Nc3 Nxc3 11. bxc3 dxe5 12. dxe5 Qa5 13. Qe4 Qa4 14. Bg5 h6
15. Bf6 gxf6 16. Qg4+ Kh8 17. Qh4 Rd8 18. Qxh6+ Kg8 19. exf6 Bxf6 20. Bb3 Bg7
21. Qxg7+ Kxg7 22. Bxa4 Bd7 23. Rfd1 Ne5 24. Bxd7 Nxd7 25. Rd4 Nf6 26. Kf1 Rxd4
27. Nxd4 Rc8 28. Ne2 Rc4 29. Rb1 Ra4 30. Rb2 b6 31. Ke1 Kg6 32. f3 Nd5 33. Kd2
b5 34. g3 a6 35. Nd4 Rc4 36. Ne2 e5 37. Rb1 Ra4 38. Rb2 Nb6 39. Ke1 Nc4 40. Rc2
Ne3 41. Rd2 Nc4 42. Rc2 f5 43. Kf2 Kf6 44. h4 e4 45. fxe4 fxe4 46. g4 Na3 47.
Rc1 Nc4 48. Rg1 Rxa2 49. g5+ Kg6 50. Rg2 Rd2 51. Kg3 Rd7 52. Kf4 e3 53. h5+
Kxh5 54. g6 Kh6 55. Nd4 Nd6 56. Ne6 e2 57. Rxe2 Re7 58. g7 Rf7+ 59. Ke5 Nc4+
60. Kd4 Rxg7 61. Rh2+ 1-0

[Event "Groningen 2009 - Open A"]
[Site "Groningen NED"]
[Date "2009.12.22"]
[Round "2.3"]
[White "Reinderman, Dimitri"]
[Black "Podzielny, Karl-Heinz"]
[Result "1-0"]
[WhiteElo "2575"]
[BlackElo "2456"]
[PlyCount "89"]
[EventDate "2009.12.21"]
[EventType "swiss"]
[EventRounds "9"]
[EventCountry "NED"]
[Source "lmi"]
[SourceDate "2009.12.21"]

1. d4 Nf6 2. c4 e6 3. Nc3 Bb4 4. Qc2 c5 5. dxc5 Nc6 6. Nf3 Bxc5 7. Bg5 h6 8.
Bh4 b6 9. e3 Bb7 10. Be2 Rc8 11. O-O O-O 12. Rfd1 Be7 13. Qa4 a6 14. Rac1 d6
15. h3 Na5 16. Nd2 Qc7 17. b4 Nxc4 18. Bxc4 b5 19. Bxb5 axb5 20. Qxb5 Bc6 21.
Qf1 Qb8 22. b5 Ba8 23. Nb3 d5 24. Qd3 Rc4 25. Bg3 Qa7 26. Nd2 Rcc8 27. Rb1 Nd7
28. Rdc1 Bf6 29. Ne2 Qxa2 30. Nd4 Qa4 31. Bc7 Ne5 32. Qe2 Qa3 33. b6 Bb7 34.
Ra1 Qd3 35. Ra7 Qxe2 36. Nxe2 Bc6 37. f4 Nc4 38. Nxc4 dxc4 39. Rxc4 Bb5 40. Rc2
Bd3 41. Rd2 Be4 42. Ng3 Bg6 43. Rd7 Kh7 44. b7 Rce8 45. e4 1-0

[Event "Groningen 2009 - Open A"]
[Site "Groningen NED"]
[Date "2009.12.22"]
[Round "2.4"]
[White "Popilski, Gil"]
[Black "Werle, Jan"]
[Result "0-1"]
[WhiteElo "2441"]
[BlackElo "2565"]
[PlyCount "62"]
[EventDate "2009.12.21"]
[EventType "swiss"]
[EventRounds "9"]
[EventCountry "NED"]
[Source "lmi"]
[SourceDate "2009.12.21"]

1. e4 e5 2. Nf3 Nc6 3. Bc4 Nf6 4. d3 Bc5 5. c3 d6 6. Nbd2 O-O 7. Bb3 a6 8. h3
Ba7 9. Nf1 h6 10. Ng3 Be6 11. O-O Re8 12. Nh2 Qd7 13. Qf3 Bxb3 14. axb3 Nh7 15.
Be3 Bxe3 16. fxe3 Re6 17. Ng4 Rf8 18. Nf5 h5 19. d4 Ng5 20. Ngh6+ Rxh6 21.
Nxh6+ gxh6 22. Qxh5 Kg7 23. Rf5 Ne7 24. Raf1 Nxf5 25. exf5 f6 26. h4 Nh7 27.
Rf3 Kh8 28. Qxh6 Rg8 29. Kh2 Qb5 30. Rg3 Rxg3 31. Kxg3 exd4 0-1

[Event "Groningen 2009 - Open A"]
[Site "Groningen NED"]
[Date "2009.12.22"]
[Round "2.5"]
[White "Nijboer, Friso"]
[Black "Pruijssers, Roeland"]
[Result "1-0"]
[WhiteElo "2561"]
[BlackElo "2413"]
[PlyCount "117"]
[EventDate "2009.12.21"]
[EventType "swiss"]
[EventRounds "9"]
[EventCountry "NED"]
[Source "lmi"]
[SourceDate "2009.12.21"]

1. e4 e5 2. Nf3 Nc6 3. Bb5 a6 4. Ba4 Nf6 5. O-O b5 6. Bb3 Bb7 7. d3 Bc5 8. Nc3
O-O 9. a4 Na5 10. axb5 Nxb3 11. cxb3 axb5 12. Rxa8 Bxa8 13. Nxe5 d5 14. Bg5
dxe4 15. dxe4 Qxd1 16. Rxd1 b4 17. Bxf6 bxc3 18. bxc3 gxf6 19. Nd7 Bd6 20. Nxf8
Kxf8 21. f3 Bc6 22. Kf2 Kg7 23. g3 Kg6 24. b4 f5 25. exf5+ Kxf5 26. Ra1 Ke6 27.
Ra5 Bd5 28. f4 c6 29. Ke3 Bc7 30. Ra6 Bd8 31. c4 Bg2 32. g4 Be7 33. Ra8 Bf1 34.
c5 Bh3 35. Kf3 Bf1 36. Rh8 Bd3 37. h4 Bc2 38. Ke3 Bd1 39. Re8 Kd7 40. Rg8 Bd8
41. h5 Bf6 42. Kd2 Bf3 43. h6 Be4 44. Ke3 Bc2 45. Rf8 Ke7 46. Rc8 Kd7 47. Ra8
Bc3 48. Ra2 Bb1 49. Ra7+ Ke6 50. f5+ Kf6 51. b5 cxb5 52. c6 Be5 53. c7 Bxc7 54.
Rxc7 Kg5 55. Rxf7 Kxg4 56. Rxh7 Kg5 57. Rb7 Kxh6 58. Rxb5 Ba2 59. Kf4 1-0

[Event "Groningen 2009 - Open A"]
[Site "Groningen NED"]
[Date "2009.12.22"]
[Round "2.6"]
[White "Bok, Benjamin"]
[Black "Greenfeld, Alon"]
[Result "1-0"]
[WhiteElo "2337"]
[BlackElo "2559"]
[PlyCount "77"]
[EventDate "2009.12.21"]
[EventType "swiss"]
[EventRounds "9"]
[EventCountry "NED"]
[Source "lmi"]
[SourceDate "2009.12.21"]

1. e4 c5 2. Nf3 d6 3. d4 cxd4 4. Nxd4 Nf6 5. Nc3 Nc6 6. Bg5 e6 7. Qd2 a6 8.
O-O-O Bd7 9. f3 Be7 10. Be3 Nxd4 11. Qxd4 O-O 12. g4 Qa5 13. Kb1 b5 14. g5 Nh5
15. Qd2 b4 16. Ne2 e5 17. Ng3 Be6 18. b3 Nf4 19. h4 Rfd8 20. Bxf4 exf4 21. Qxf4
Qc5 22. Nf5 Bf8 23. Nd4 a5 24. Nxe6 fxe6 25. Bc4 Re8 26. Qg4 Kh8 27. Bxe6 Ra7
28. Bd5 Rc7 29. Rh2 Qc3 30. h5 Be7 31. h6 gxh6 32. Qh5 Rf8 33. Qxh6 Qg7 34.
Qxg7+ Kxg7 35. Rdh1 Rxf3 36. Rxh7+ Kg6 37. e5 Rf1+ 38. Rxf1 Kxh7 39. Rf7+ 1-0

[Event "Groningen 2009 - Open A"]
[Site "Groningen NED"]
[Date "2009.12.22"]
[Round "2.7"]
[White "Hoffmann, Michael"]
[Black "Kleijn, Christov"]
[Result "0-1"]
[WhiteElo "2509"]
[BlackElo "2383"]
[PlyCount "88"]
[EventDate "2009.12.21"]
[EventType "swiss"]
[EventRounds "9"]
[EventCountry "NED"]
[Source "lmi"]
[SourceDate "2009.12.21"]

1. d4 d5 2. c4 c6 3. Nf3 Nf6 4. Nc3 dxc4 5. a4 Bf5 6. Ne5 Nbd7 7. Nxc4 Qc7 8.
g3 e5 9. dxe5 Nxe5 10. Bf4 Nfd7 11. Bg2 f6 12. O-O O-O-O 13. Qc1 Nc5 14. Bxe5
fxe5 15. Qe3 Nb3 16. Rad1 Bc5 17. Qxe5 Qxe5 18. Nxe5 Rhe8 19. Nf7 Rd2 20. Rxd2
Nxd2 21. Rd1 Nc4 22. b3 Bc2 23. Rc1 Na3 24. Ne4 Bxe4 25. Rxc5 Kc7 26. e3 Bc2
27. Rc3 Bg6 28. Ng5 Kb6 29. b4 Nc2 30. Rc4 a5 31. bxa5+ Kxa5 32. Be4 Nb4 33.
Bxg6 hxg6 34. Rg4 Kxa4 35. Nf7 b5 36. Rxg6 c5 37. Nd6 Re7 38. Rg5 Na6 39. Rd5
b4 40. Rd1 Kb3 41. e4 c4 42. Ra1 Ra7 43. Nc8 Kb2 44. Ra4 Rc7 0-1

[Event "Groningen 2009 - Open A"]
[Site "Groningen NED"]
[Date "2009.12.22"]
[Round "2.8"]
[White "Assendelft van, Floris"]
[Black "Swinkels, Robin"]
[Result "1/2-1/2"]
[WhiteElo "2325"]
[BlackElo "2500"]
[PlyCount "71"]
[EventDate "2009.12.21"]
[EventType "swiss"]
[EventRounds "9"]
[EventCountry "NED"]
[Source "lmi"]
[SourceDate "2009.12.21"]

1. Nf3 Nf6 2. g3 b6 3. Bg2 Bb7 4. O-O e6 5. c4 Be7 6. Nc3 O-O 7. Re1 d5 8. cxd5
Nxd5 9. d4 Nxc3 10. bxc3 Be4 11. Ne5 Bxg2 12. Kxg2 Nc6 13. Nf3 Na5 14. h4 c5
15. Bg5 h6 16. Bxe7 Qxe7 17. e3 Rac8 18. Ne5 Rc7 19. Qf3 Rfc8 20. Re2 b5 21.
Rd1 cxd4 22. cxd4 Qd6 23. h5 Nc4 24. Nxc4 bxc4 25. Rc2 c3 26. e4 Rc4 27. Rd3
Qb4 28. d5 Qb1 29. dxe6 fxe6 30. Rcxc3 Rxc3 31. Rxc3 Rxc3 32. Qxc3 Qxe4+ 33.
Kg1 Qb1+ 34. Kg2 Qe4+ 35. Qf3 Qd4 36. a3 1/2-1/2

[Event "Groningen 2009 - Open A"]
[Site "Groningen NED"]
[Date "2009.12.22"]
[Round "2.9"]
[White "Danielian, Elina"]
[Black "Saravanan, Venkatachalam"]
[Result "0-1"]
[WhiteElo "2499"]
[BlackElo "2356"]
[PlyCount "116"]
[EventDate "2009.12.21"]
[EventType "swiss"]
[EventRounds "9"]
[EventCountry "NED"]
[Source "lmi"]
[SourceDate "2009.12.21"]

1. d4 Nf6 2. Nf3 g6 3. c4 Bg7 4. g3 d5 5. cxd5 Nxd5 6. Bg2 Nb6 7. O-O Nc6 8. e3
O-O 9. Nc3 Re8 10. d5 Na5 11. Nd4 Bd7 12. e4 Rc8 13. Re1 c5 14. Nf3 Nac4 15.
Qc2 a5 16. h3 a4 17. Kh2 Ra8 18. Bf4 a3 19. b3 Nb2 20. Qd2 c4 21. Bh6 e5 22.
Bf1 Qf6 23. Bxg7 Kxg7 24. Qe3 Rec8 25. Rec1 cxb3 26. axb3 Qd6 27. Nb1 Rxc1 28.
Qxc1 Qb4 29. Nxa3 Qxe4 30. Bg2 Nd3 31. Qc7 Qb4 32. Nc2 Qxb3 33. Rxa8 Nxa8 34.
Qxd7 Qxc2 35. d6 Qxf2 36. Qxb7 Nb6 37. d7 Nc4 38. Qc6 Ne3 39. Nd2 Qxd2 40. Qf3
e4 41. Qxe3 Qxe3 42. d8=Q Qf2 43. Qd5 e3 44. Qd4+ f6 45. Qd7+ Kh6 46. Qxd3 e2
47. Qd2+ g5 48. Qd6 e1=Q 49. Qf8+ Kg6 50. Qg8+ Kf5 51. Qxh7+ Ke6 52. Qg8+ Ke7
53. Qh7+ Kd6 54. Qd3+ Ke6 55. Qc4+ Ke7 56. Qc7+ Kf8 57. Qd8+ Kg7 58. Qd7+ Kh6
0-1

[Event "Groningen 2009 - Open A"]
[Site "Groningen NED"]
[Date "2009.12.22"]
[Round "2.10"]
[White "Paulet, Iozefina"]
[Black "Nyzhnyk, Illya"]
[Result "0-1"]
[WhiteElo "2312"]
[BlackElo "2494"]
[PlyCount "64"]
[EventDate "2009.12.21"]
[EventType "swiss"]
[EventRounds "9"]
[EventCountry "NED"]
[Source "lmi"]
[SourceDate "2009.12.21"]

1. e4 c5 2. Nf3 d6 3. d4 cxd4 4. Nxd4 Nf6 5. Nc3 a6 6. Bc4 e6 7. Bb3 Nbd7 8.
Bg5 Nc5 9. Qe2 Be7 10. O-O-O Nxb3+ 11. axb3 Qa5 12. f4 h6 13. Bh4 g5 14. fxg5
hxg5 15. Bg3 Nd7 16. Kb1 Ne5 17. Nf3 Qc7 18. Rhf1 Bd7 19. Nxe5 dxe5 20. Rxd7
Qxd7 21. Bxe5 Rh7 22. Rd1 Qc6 23. Nd5 exd5 24. exd5 Qb5 25. c4 Qd7 26. d6 O-O-O
27. Rd5 Bf8 28. Qf2 Kb8 29. Qb6 Rh6 30. c5 Rc8 31. Qc7+ Rxc7 32. dxc7+ Kc8 0-1

[Event "Groningen 2009 - Open A"]
[Site "Groningen NED"]
[Date "2009.12.22"]
[Round "2.11"]
[White "Meijers, Viesturs"]
[Black "Aginian, Nelly"]
[Result "1-0"]
[WhiteElo "2488"]
[BlackElo "2304"]
[PlyCount "62"]
[EventDate "2009.12.21"]
[EventType "swiss"]
[EventRounds "9"]
[EventCountry "NED"]
[Source "lmi"]
[SourceDate "2009.12.21"]

1. d4 d5 2. Nf3 Nf6 3. e3 Bf5 4. Bd3 Bxd3 5. Qxd3 c6 6. b3 e6 7. Bb2 Nbd7 8.
Nbd2 Be7 9. O-O O-O 10. c4 c5 11. Rac1 Rc8 12. Rfd1 Qa5 13. a3 Qa6 14. dxc5
Nxc5 15. Qb1 Nce4 16. cxd5 Nxd2 17. Rxd2 Nxd5 18. Rdc2 Rcd8 19. b4 Bf6 20. h3
h6 21. Qa1 Bxb2 22. Qxb2 Nb6 23. Ne5 Rd5 24. e4 Rdd8 25. Rc7 Rc8 26. R1c2 Rxc7
27. Rxc7 Na8 28. Re7 f6 29. Qd2 Nb6 30. Ng6 Nc8 31. Rc7 Qb6 1-0

[Event "Groningen 2009 - Open A"]
[Site "Groningen NED"]
[Date "2009.12.22"]
[Round "2.12"]
[White "Genov, Petar"]
[Black "Afek, Yochanan"]
[Result "1/2-1/2"]
[WhiteElo "2476"]
[BlackElo "2285"]
[PlyCount "47"]
[EventDate "2009.12.21"]
[EventType "swiss"]
[EventRounds "9"]
[EventCountry "NED"]
[Source "lmi"]
[SourceDate "2009.12.21"]

1. c4 c5 2. Nc3 Nf6 3. g3 g6 4. Bg2 Bg7 5. a3 O-O 6. b4 d6 7. Rb1 cxb4 8. axb4
a5 9. b5 Nbd7 10. Nf3 Nb6 11. d3 d5 12. c5 Nfd7 13. d4 Nxc5 14. dxc5 Bxc3+ 15.
Bd2 Bxd2+ 16. Nxd2 Nd7 17. Rc1 Nf6 18. Qa4 e5 19. O-O Qe7 20. e3 Bf5 21. e4
Nxe4 22. Nxe4 Bxe4 23. Bxe4 dxe4 24. Qxe4 1/2-1/2

[Event "Groningen 2009 - Open A"]
[Site "Groningen NED"]
[Date "2009.12.22"]
[Round "2.13"]
[White "Deviatkin, Andrei"]
[Black "Kantans, Toms"]
[Result "1/2-1/2"]
[WhiteElo "2608"]
[BlackElo "2281"]
[PlyCount "114"]
[EventDate "2009.12.21"]
[EventType "swiss"]
[EventRounds "9"]
[EventCountry "NED"]
[Source "lmi"]
[SourceDate "2009.12.21"]

1. d4 Nf6 2. Nf3 e6 3. c4 c5 4. e3 b6 5. Be2 Bb7 6. O-O Be7 7. Nc3 O-O 8. d5
exd5 9. cxd5 d6 10. e4 Na6 11. Re1 Nc7 12. Bc4 Re8 13. Qd3 Bf8 14. h3 a6 15. a4
Qd7 16. Bg5 b5 17. axb5 axb5 18. Bxb5 Nxb5 19. Rxa8 Rxa8 20. Qxb5 Qxb5 21. Nxb5
Rb8 22. Nc3 Ba6 23. Bxf6 gxf6 24. Ra1 Bd3 25. Ne1 Bc4 26. Ra4 Bb3 27. Ra7 f5
28. exf5 Bg7 29. Rd7 Bxc3 30. bxc3 Ba4 31. Ra7 Bb3 32. f6 h6 33. Rd7 Ba4 34.
Re7 Rb1 35. Kh2 Rc1 36. Re3 Bb3 37. Nf3 Bxd5 38. Nh4 Be6 39. f4 d5 40. Rd3 c4
41. Rg3+ Kf8 42. Re3 d4 43. cxd4 c3 44. Ng6+ fxg6 45. Rxe6 Rd1 46. Rc6 Rxd4 47.
Kg3 Rd3+ 48. Kg4 Kf7 49. g3 Re3 50. Kh4 Rf3 51. Kg4 Rd3 52. h4 h5+ 53. Kh3 Rf3
54. Kg2 Re3 55. Kf2 Rd3 56. Rb6 Rd1 57. Rc6 Rd3 1/2-1/2

[Event "Groningen 2009 - Open A"]
[Site "Groningen NED"]
[Date "2009.12.22"]
[Round "2.14"]
[White "Chadaev, Nikolai"]
[Black "Piasetski, Leon"]
[Result "1-0"]
[WhiteElo "2567"]
[BlackElo "2269"]
[PlyCount "59"]
[EventDate "2009.12.21"]
[EventType "swiss"]
[EventRounds "9"]
[EventCountry "NED"]
[Source "lmi"]
[SourceDate "2009.12.21"]

1. Nf3 Nf6 2. c4 g6 3. Nc3 Bg7 4. g3 O-O 5. Bg2 d5 6. cxd5 Nxd5 7. Qb3 Nb6 8.
d3 Nc6 9. O-O e5 10. Bg5 Nd4 11. Nxd4 Qxg5 12. Nf3 Qe7 13. Rfc1 Be6 14. Qc2 f5
15. Rab1 a5 16. b3 Rad8 17. Na4 Nxa4 18. bxa4 c6 19. Nd2 Rd4 20. a3 Rfd8 21.
Nb3 Rxa4 22. Nc5 Rxa3 23. Rxb7 Qd6 24. Nxe6 Qxe6 25. Qb2 Ra2 26. Qb6 Rc8 27.
Bxc6 e4 28. dxe4 fxe4 29. Kg2 e3 30. Bf3 1-0

[Event "Groningen 2009 - Open A"]
[Site "Groningen NED"]
[Date "2009.12.22"]
[Round "2.15"]
[White "Bijlsma, Nick"]
[Black "Brandenburg, Daan"]
[Result "0-1"]
[WhiteElo "2075"]
[BlackElo "2481"]
[PlyCount "50"]
[EventDate "2009.12.21"]
[EventType "swiss"]
[EventRounds "9"]
[EventCountry "NED"]
[Source "lmi"]
[SourceDate "2009.12.21"]

1. e4 c5 2. Nf3 d6 3. d4 cxd4 4. Nxd4 Nf6 5. Nc3 Nc6 6. Bc4 e6 7. Be3 a6 8. Qe2
Qc7 9. O-O-O Na5 10. Bd3 b5 11. a3 Rb8 12. Kb1 Nd7 13. Bc1 Be7 14. Na2 Nc4 15.
g4 Ndb6 16. Rhg1 d5 17. g5 g6 18. h4 e5 19. Nf3 d4 20. Nh2 Be6 21. Nb4 Na4 22.
Nxa6 Nxa3+ 23. Ka1 Qa5 24. Nxb8 Nc3 25. h5 Nxc2# 0-1

[Event "Groningen 2009 - Open A"]
[Site "Groningen NED"]
[Date "2009.12.22"]
[Round "2.16"]
[White "Caspi, Israel"]
[Black "Potze, Rudolf"]
[Result "1-0"]
[WhiteElo "2423"]
[BlackElo "2132"]
[PlyCount "79"]
[EventDate "2009.12.21"]
[EventType "swiss"]
[EventRounds "9"]
[EventCountry "NED"]
[Source "lmi"]
[SourceDate "2009.12.21"]

1. e4 c5 2. Nf3 Nc6 3. d4 cxd4 4. Nxd4 Nf6 5. Nc3 e5 6. Ndb5 d6 7. Bg5 a6 8.
Na3 b5 9. Nd5 Be7 10. Bxf6 Bxf6 11. c4 b4 12. Nc2 a5 13. Be2 Bg5 14. O-O O-O
15. Qd3 Kh8 16. Rad1 g6 17. Bf3 Be6 18. Qe2 Ra7 19. Bg4 Bxg4 20. Qxg4 f5 21.
Qe2 Qb8 22. Rd3 Bd8 23. exf5 gxf5 24. f4 Rg7 25. Kh1 Qa7 26. Nde3 exf4 27. Rxf4
Ne7 28. Nd4 Ng6 29. Rf1 Ne5 30. Nb5 Qa8 31. Rxd6 f4 32. Nd5 f3 33. gxf3 Ng6 34.
Re6 Qc8 35. Qe4 Qd7 36. Nd4 Qf7 37. Re1 Bc7 38. Rf6 Qd7 39. Rxf8+ Nxf8 40. Nf5
1-0

[Event "Groningen 2009 - Open A"]
[Site "Groningen NED"]
[Date "2009.12.22"]
[Round "2.17"]
[White "Poetsch, Hagen"]
[Black "Balje, Jan"]
[Result "1/2-1/2"]
[WhiteElo "2361"]
[BlackElo "2188"]
[PlyCount "80"]
[EventDate "2009.12.21"]
[EventType "swiss"]
[EventRounds "9"]
[EventCountry "NED"]
[Source "lmi"]
[SourceDate "2009.12.21"]

1. e4 c5 2. Nf3 Nc6 3. d4 cxd4 4. Nxd4 e6 5. Nc3 Qc7 6. Be3 a6 7. Bd3 Nf6 8.
O-O Ne5 9. Nf3 Nfg4 10. Nxe5 Nxe3 11. Qh5 g6 12. Qf3 Qxe5 13. fxe3 f6 14. Qxf6
Qxf6 15. Rxf6 Bg7 16. Rf3 b5 17. Raf1 Bb7 18. Nd1 Bc6 19. b3 a5 20. Nf2 Ke7 21.
Nh3 Raf8 22. Nf4 b4 23. h4 Be5 24. Rg3 Bf6 25. Rg4 Rhg8 26. Nh3 h5 27. Rgf4 e5
28. R4f3 Bxh4 29. a3 Rf6 30. axb4 axb4 31. Rxf6 Bxf6 32. Bc4 Rc8 33. Nf2 Bg5
34. Nd3 Bxe3+ 35. Kh1 Rf8 36. Rxf8 Kxf8 37. Nxe5 Bxe4 38. Nxd7+ Ke7 39. Ne5 Bd4
40. Bd3 Bxg2+ 1/2-1/2

[Event "Groningen 2009 - Open A"]
[Site "Groningen NED"]
[Date "2009.12.22"]
[Round "2.18"]
[White "Vergert ten, Paul"]
[Black "Hoeksema, Erik"]
[Result "1/2-1/2"]
[WhiteElo "2071"]
[BlackElo "2331"]
[PlyCount "27"]
[EventDate "2009.12.21"]
[EventType "swiss"]
[EventRounds "9"]
[EventCountry "NED"]
[Source "lmi"]
[SourceDate "2009.12.21"]

1. e4 c5 2. Nf3 e6 3. d4 cxd4 4. Nxd4 a6 5. g3 Nf6 6. Bg2 Qc7 7. O-O d6 8. Nc3
Nc6 9. Re1 Be7 10. Nxc6 bxc6 11. e5 dxe5 12. Rxe5 Bb7 13. Bf4 Qc8 14. Na4
1/2-1/2